MCSE: windows 2000 professional study guide. / (Record no. 2256)
[ view plain ]
| 000 -LEADER | |
|---|---|
| fixed length control field | 01052nam a22001937a 4500 |
| 008 - FIXED-LENGTH DATA ELEMENTS--GENERAL INFORMATION | |
| fixed length control field | 120831t xxu||||| |||| 00| 0 eng d |
| 020 ## - INTERNATIONAL STANDARD BOOK NUMBER | |
| International Standard Book Number | 0782129463 |
| 050 ## - LIBRARY OF CONGRESS CALL NUMBER | |
| Classification number | QA76.3.D684 |
| 100 ## - MAIN ENTRY--PERSONAL NAME | |
| Personal name | Donald, Lisa |
| 245 ## - TITLE STATEMENT | |
| Title | MCSE: windows 2000 professional study guide. / |
| Statement of responsibility, etc. | Lisa Donald and James Chellis |
| 250 ## - EDITION STATEMENT | |
| Edition statement | 2nd ed. |
| 260 ## - PUBLICATION, DISTRIBUTION, ETC. | |
| Place of publication, distribution, etc. | San Francisco: |
| Name of publisher, distributor, etc. | SYBEX Inc. |
| Date of publication, distribution, etc. | c2001. |
| 300 ## - PHYSICAL DESCRIPTION | |
| Extent | lix, 850 p.: |
| Other physical details | ill.; |
| Dimensions | 24cm. |
| 500 ## - GENERAL NOTE | |
| General note | Includes index. |
| 505 ## - FORMATTED CONTENTS NOTE | |
| Formatted contents note | Contents: Getting started with windows 2000 professional -- Automating the windows 2000 installation -- Upgrading to windows 2000 professional -- Configuring the windows 2000 environment -- Managing the desktop -- Managing users -- Managing groups -- Using user profiles and hardware profiles -- Managing disks -- Accessing files and folders -- Managing network connections -- Managing printing -- Dial-up networking and internet connectivity -- Optimizing windowss 2000 -- Performing system recovery functions. |
| 650 ## - SUBJECT ADDED ENTRY--TOPICAL TERM | |
| Topical term following geographic name entry element | Computer sciecnce. |
| 700 ## - ADDED ENTRY--PERSONAL NAME | |
| Personal name | Chellis, James |
| 942 ## - ADDED ENTRY ELEMENTS (KOHA) | |
| Source of classification or shelving scheme | Library of Congress Classification |
| Koha item type | Books |
| Withdrawn status | Lost status | Source of classification or shelving scheme | Damaged status | Not for loan | Home library | Current library | Shelving location | Date acquired | Total Checkouts | Full call number | Barcode | Date last seen | Price effective from | Koha item type |
|---|---|---|---|---|---|---|---|---|---|---|---|---|---|---|
| Library of Congress Classification | WISCONSIN INTERNATIONAL UNIVERSITY COLLEGE, GHANA - MAIN LIBRARY | WISCONSIN INTERNATIONAL UNIVERSITY COLLEGE, GHANA - MAIN LIBRARY | General Stacks | 31/08/2012 | QA76.3.D684 | 5134/12 | 31/08/2012 | 31/08/2012 | Books |
